LEADER 01033cam0 22002653 450 001 SOB0000002048 005 20220104093727.0 010 $a3511040078 100 $a20010216d1981 |||||ita|0103 ba 101 $ager 102 $aDE 200 1 $aJohannes Althusius und die Entwicklung der naturrechtlichen Staastheorien$eZugleich ein Beitrag zur Geschichte der Rechtssystematik$fOtto von Gierke 205 $a7. unveränderte Ausgabe mit Vorwort von Julius von Gierke 210 $aAalen$cScientia$d1981 215 $aXVI, 391 p., [1] c. di tav$critr.$d23 cm. 700 1$aGierke$b, Otto von$3AF00009366$4070$0138092 801 0$aIT$bUNISOB$c20220104$gRICA 850 $aUNISOB 852 $aUNISOB$j340.1$m36894 912 $aSOB0000002048 940 $aM 102 Monografia moderna SBN 941 $aM 957 $a340.1$b000124$gSI$d36894$rACQUISTO$1rovito$2UNISOB$3UNISOB$420220104093710.0$520220104093727.0$6rovito 996 $aJohannes Althusius und die Entwicklung der naturrechtlichen Staastheorien$91679495 997 $aUNISOB LEADER 01073nam 2200325Ia 450 001 996392002603316 005 20200824132119.0 035 $a(CKB)1000000000673310 035 $a(EEBO)2248511286 035 $a(OCoLC)ocm15273649e 035 $a(OCoLC)15273649 035 $a(EXLCZ)991000000000673310 100 $a19870305d1655 uy 1 101 0 $aeng 135 $aurbn||||a|bb| 200 10$aParthenissa$hThe second part$b[electronic resource] $ea romance in four parts : dedicated to the Lady Northumberland and the Lady Sunderland 210 $aLondon $cPrinted for Humphrey Moseley and are to be sold at his shop ...$d1655 215 $a[14], 412 p 300 $aAttributed to Orrery by Wing. 300 $aImperfect: print show-through. 300 $aReproduction of original in the Huntington Library. 330 $aeebo-0113 700 $aOrrery$b Roger Boyle$cEarl of,$f1621-1679.$028582 801 0$bEAK 801 1$bEAK 801 2$bWaOLN 906 $aBOOK 912 $a996392002603316 996 $aParthenissa$92317724 997 $aUNISA